Dr. S. R. Lasker Library Online Catalogue

Home      Library Home      Institutional Repository      E-Resources      MyAthens      EWU Home

Instructor s manual, video guide and transparency masters : (Record no. 2684)

MARC details
000 -LEADER
fixed length control field 00787nam a2200217Ia 4500
001 - CONTROL NUMBER
control field 2747
003 - CONTROL NUMBER IDENTIFIER
control field EWU MFN
008 - FIXED-LENGTH DATA ELEMENTS--GENERAL INFORMATION
fixed length control field 110604s9999 xx 000 0 und d
020 ## - INTERNATIONAL STANDARD BOOK NUMBER
International Standard Book Number 0256240566
040 ## - CATALOGING SOURCE
Original cataloging agency BD-DhEWU
041 ## - LANGUAGE CODE
Language code of text/sound track or separate title ENG
082 ## - DEWEY DECIMAL CLASSIFICATION NUMBER
Classification number 658.3
Item number INS 1997
100 1# - MAIN ENTRY--PERSONAL NAME
Personal name Noe, Raymond
245 10 - TITLE STATEMENT
Title Instructor s manual, video guide and transparency masters :
Remainder of title human resource management, gainign a competitive advantage
260 ## - PUBLICATION, DISTRIBUTION, ETC. (IMPRINT)
Place of publication, distribution, etc Chicago :
Name of publisher, distributor, etc Irwin,
Date of publication, distribution, etc 1997
300 ## - PHYSICAL DESCRIPTION
Extent xvi,325 :
Other physical details ill ;
653 #1 - INDEX TERM--UNCONTROLLED
Uncontrolled term Personnel management
942 ## - ADDED ENTRY ELEMENTS (KOHA)
Koha item type Text
Source of classification or shelving scheme Dewey Decimal Classification
Holdings
Withdrawn status Lost status Source of classification or shelving scheme Damaged status Not for loan Home library Current library Shelving location Date acquired Source of acquisition Cost, normal purchase price Total Checkouts Full call number Barcode Copy number Koha item type
    Dewey Decimal Classification     Dr. S. R. Lasker Library, EWU Dr. S. R. Lasker Library, EWU   24/03/1998 Karim International 0.00   658.3 INS 2747-3078   Text